| 000 | 01038njm a22002537a 4500 | ||
|---|---|---|---|
| 005 | 20100901102610.0 | ||
| 006 | a|||||r|||||00| 0 | ||
| 007 | sd ammalaaahaa | ||
| 008 | 100901t xxu||||| |||| 00| 0 eng d | ||
| 028 |
_aN 80098 _bHis master's voice |
||
| 035 | _aGR-239 | ||
| 040 |
_aSED _cSED |
||
| 100 |
_aRoy, Juthika _917837 |
||
| 245 |
_aPaar nikas gaya : _cby Juthika Roy ; music by Kamal Das Gupta _h[sound recording] _bmeera bhajan / |
||
| 246 | _aपार निकस गया / जुथिका रॉय | ||
| 260 |
_aDum Dum, India _bHis master's voice |
||
| 300 |
_a1 sound disc [Gramophone Recording] _banalog, 33 1/3rpm ; _c9.5 in. (MP) _fGramaphone Records |
||
| 500 | _aBrief record | ||
| 505 | _aSide-2 सोवत ही पलका में (Sowat hi palka main) (Juthika Roy) | ||
| 650 |
_aClassical music _xexcerpts _zIndia _917838 |
||
| 700 |
_aGupta, Kamal Das _917839 |
||
| 942 |
_2ddc _cGR |
||
| 999 |
_c43342 _d43342 |
||